书目信息 |
| 题名: |
化工急性中毒诊疗手册
|
|
| 作者: | 史志澄 主编 | |
| 分册: | ||
| 出版信息: | 北京 化学工业出版社 1995.10 |
|
| 页数: | 333页 | |
| 开本: | 32开 | |
| 丛书名: | ||
| 单 册: | ||
| 中图分类: | R135.1-62 | |
| 科图分类: | ||
| 主题词: | 劳动卫生 | |
| 电子资源: | ||
| ISBN: | 7-5025-1517-8 | |
| 000 | 00581nam0 2200193 45 | |
| 001 | 0011171438 | |
| 005 | 20001117144612.6 | |
| 010 | @a7-5025-1517-8@d15.80元 | |
| 100 | @a20001117d1995 km y0chiy0120 ea | |
| 101 | 0 | @achi |
| 105 | @a z 000yy | |
| 200 | 1 | @a化工急性中毒诊疗手册@AHua Gong Ji Xing Zhong Du Zhen Liao Shou Ce@f史志澄主编@FShi Zhi Cheng Zhu Bian |
| 210 | @a北京@c化学工业出版社@d1995.10 | |
| 215 | @a333页@d32开 | |
| 606 | 0 | @a劳动卫生 |
| 690 | @aR135.1-62@v3 | |
| 701 | 0 | @a史志澄@4主编 |
| 801 | @aCN@bPftUser@c20001117 | |
| 905 | @b411287-289@dR135.1-62@eSH129@f3 | |
| 化工急性中毒诊疗手册/史志澄主编.-北京:化学工业出版社,1995.10 |
| 333页;32开 |
| ISBN 7-5025-1517-8:15.80元 |
| ● |
| 相关链接 |
|
|
|
正题名:化工急性中毒诊疗手册
索取号:R135.1-62/SH129
 
预约/预借
| 序号 | 登录号 | 条形码 | 馆藏地/架位号 | 状态 | 备注 |
| 1 | 411287 | 204112879 | 自科二线504/504自科库 47排2列1层/ [索取号:R135.1-62/SH129] | 在馆 | |
| 2 | 411288 | 204112888 | 自科二线504/504自科库 47排2列1层/ [索取号:R135.1-62/SH129] | 在馆 | |
| 3 | 411289 | 204112897 | 自科二线504/504自科库 47排2列1层/ [索取号:R135.1-62/SH129] | 在馆 |